| 000 | 01724nam a2200385Ia 4500 | ||
|---|---|---|---|
| 001 | dia_5672 | ||
| 003 | CHAP | ||
| 005 | 20240216133226.0 | ||
| 007 | ta | ||
| 008 | 220117s1999 mx ade f 001 0 spa d | ||
| 040 |
_cCHAP _amxchpua |
||
| 090 |
_aT.C.277 _bM45 ETIPA _c1999 |
||
| 245 |
_aRastro municipal Poza Rica de Hidalgo, Veracruz / _ccoordinador Amilcar Renan Mejenes Quijano ; colaborador José Aguirre Camacho...[et al.] |
||
| 260 |
_aMéxico : _bEl autor, _c1999 |
||
| 300 |
_a32 hojas : _bilustraciones, tablas, gráficas, planos |
||
| 336 |
_2rdacontent _atexto _btxt |
||
| 337 |
_2rdamedia _asin medio _bn |
||
| 338 |
_2rdacarrier _avolumen _bnc |
||
| 500 | _aGrado : 7° año Grupo : 01 - 02 | ||
| 502 |
_aViaje de Estudios _b(ETIPA) -- _cUACh. Departamento de Ingeniería Agroindustrial, _d1999 |
||
| 504 | _aBibliografía : hoja 32 | ||
| 505 | _aContenido 5 planos : -- 1.Plano de distribución de áreas (Esc. 1:125) -- 2.Plano de distribución de equipo (Esc. 1:150) -- 3.Diagrama de flujo del rastro municipal de Poza Rica de Hidalgo, Veracruz -- 4.Diagrama de tubería e instrumentación del rastro -- 5.Diagrama de tubería e instrumentación (DTI) del área de calderas del rastro | ||
| 650 | 1 | 3 |
_aGanado bovino _xMatanza _9138033 |
| 650 | 1 | 3 |
_aPlantas empacadoras de carne _9148503 |
| 650 | 1 | 3 |
_aCattle _xButchering _9156524 |
| 650 | 1 | 3 |
_aMeat packing plants _9148502 |
| 700 | 1 |
_aMejenes Quijano, Amilcar Renán _9147387 _ecoordinador |
|
| 700 | 1 |
_aAguirre Camacho, José _92967 _ecolaborador |
|
| 901 | _aT.C.277 M45 ETIPA 1999 | ||
| 902 | _aM | ||
| 905 | _a5332271999 MX EMN 8223223322spa16 | ||
| 942 | _2local | ||
| 942 | _cVE | ||
| 999 |
_c176652 _d176652 |
||